Ulrich's periodicals directory 2008 : (Record no. 136961)
[ view plain ]
| 000 -LEADER | |
|---|---|
| fixed length control field | 00834nam a22002177a 4500 |
| 010 ## - LIBRARY OF CONGRESS CONTROL NUMBER | |
| LC control number | B-276964 |
| 020 ## - INTERNATIONAL STANDARD BOOK NUMBER | |
| International Standard Book Number | 9781600301049 |
| 035 ## - SYSTEM CONTROL NUMBER | |
| System control number | B-276964 |
| 037 ## - SOURCE OF ACQUISITION | |
| Source of stock number/acquisition | Cen Lib / Ret |
| 040 ## - CATALOGING SOURCE | |
| Original cataloging agency | DPL |
| Language of cataloging | EN |
| 082 ## - DEWEY DECIMAL CLASSIFICATION NUMBER | |
| Classification number | 050.25 |
| Item number | ULR |
| 245 ## - TITLE STATEMENT | |
| Title | Ulrich's periodicals directory 2008 : |
| Remainder of title | international periodicals information since 1932 : including irregular serials & annuals / |
| 250 ## - EDITION STATEMENT | |
| Edition statement | 46th ed |
| 260 ## - PUBLICATION, DISTRIBUTION, ETC. (IMPRINT) | |
| Place of publication, distribution, etc | New Providence, N.J |
| Name of publisher, distributor, etc | ProQues |
| Date of publication, distribution, etc | 2008 |
| 270 ## - ADDRESS | |
| Address | 630 Central Avenue |
| City | New Providence, N.J |
| 300 ## - PHYSICAL DESCRIPTION | |
| Extent | 4 v ; (v 1. lii,3373 ; v 2. 3375-6756 ; v 3. 6757-10146 ; v 4. 10147-13258) |
| Dimensions | 27cm(Hb) |
| 505 ## - FORMATTED CONTENTS NOTE | |
| Formatted contents note | 4 v ; v. 1. A--Edu-c ; v. 2. Edu-G-Med-G ; v. 3. Med-H-Z ;v. 4. Indexes. |
| 650 ## - SUBJECT ADDED ENTRY--TOPICAL TERM | |
| Topical term or geographic name as entry element | Periodicals -- Directories. |
| 650 ## - SUBJECT ADDED ENTRY--TOPICAL TERM | |
| Topical term or geographic name as entry element | Periodicals -- Directory. |
| 942 ## - ADDED ENTRY ELEMENTS (KOHA) | |
| Source of classification or shelving scheme | Dewey Decimal Classification |
| Koha item type | English Books |
| Classification part | 050.25 |
| Call number suffix | ULR |
| Withdrawn status | Lost status | Materials specified (bound volume or other part) | Damaged status | Not for loan | Home library | Current library | Date acquired | Source of acquisition | Total Checkouts | Full call number | Barcode | Date last seen | Copy number | Price effective from | Koha item type |
|---|---|---|---|---|---|---|---|---|---|---|---|---|---|---|---|
| v 1 | Central Library | Central Library | 12/03/2016 | Cen Lib/Ret | 050.25 ULR | B-276964 | 12/03/2016 | 1 | 12/03/2016 | English Books | |||||
| v 2 | Central Library | Central Library | 12/03/2016 | Cen Lib/Ret | 050.25 ULR | B-276965 | 12/03/2016 | 1 | 12/03/2016 | English Books | |||||
| v 4 | Central Library | Central Library | 12/03/2016 | Cen Lib/Ret | 050.25 ULR | B-276967 | 12/03/2016 | 1 | 12/03/2016 | English Books | |||||
| v 3 | Central Library | Central Library | 12/03/2016 | Cen Lib/Ret | 050.25 ULR | B-276966 | 12/03/2016 | 1 | 12/03/2016 | English Books |
